200 tình huống giải đáp pháp luật phổ thông

Guardat en:
Dades bibliogràfiques
Autor principal: Đỗ Cảnh Thìn
Format: Llibre
Idioma:Undetermined
Publicat: Hà Nội CAND 2002
Matèries:
law
Etiquetes: Afegir etiqueta
Sense etiquetes, Sigues el primer a etiquetar aquest registre!
Thư viện lưu trữ: Trung tâm Học liệu Trường Đại học Cần Thơ
LEADER 00547nam a2200205Ia 4500
001 CTU_61963
008 210402s9999 xx 000 0 und d
020 |b 32000 
082 |a 340.597 
082 |b Th311 
100 |a Đỗ Cảnh Thìn 
245 0 |a 200 tình huống giải đáp pháp luật phổ thông 
245 0 |c Đỗ Cảnh Thìn 
260 |a Hà Nội 
260 |b CAND 
260 |c 2002 
650 |a law 
650 |z vietnam 
904 |i Minh 
980 |a Trung tâm Học liệu Trường Đại học Cần Thơ